Осветление на работни помещения (Запис номер 128738)
[ съкратено ]
| 000 -Лидер | |
|---|---|
| Контролно поле с фиксирана дължина | nam a22 a 4500 |
| 003 - Код на организацията, давaща контролен номер | |
| Контролно поле | BLK |
| 005 - Дата и час на последна редакция | |
| Контролно поле | 20221012154106.0 |
| 008 - Елементи от данни с фиксирана дължина | |
| fixed length control field | 180409b bul|||||r ||||||| ||bul|| |
| 010 ## - Наследен системен номер | |
| LC control number | KNG00134468000 |
| 040 ## - Източник на каталожния запис | |
| Идентификатор на билиотеката - собственик на записа | BLK |
| 041 ## - Код за език | |
| Код за езика на текст/звукозапис или на отделно заглавие | Български |
| Код за езика КДБФ | Български |
| 080 ## - УДК | |
| Текстов определител УДК | Техника на осветлението (Техника на приложението на светлината) |
| УДК код - определител по УДК | 628.92/.97 |
| УДК определител | (035) |
| УДК - код + определител | 628.92/.97(035) |
| 100 1# - Редна дума - Автор | |
| Автор | Богатев, Кирил Йорданов |
| Авторска отговорност | първи автор |
| R(LIN) | 39949 |
| 139 ## - Редно поле | |
| Редна дума | Богатев, Кирил Йорданов |
| Авторски знак | Бог - Б 54 |
| 245 10 - Сведения за заглавието | |
| Заглавие | Осветление на работни помещения |
| Подзаглавни данни | Ръководство |
| Редно поле (дума) | Кирил Йорданов Богатев. |
| 257 ## - Страна на издаване | |
| Страна на създаване/издаване | България |
| 260 ## - Област на издателските данни | |
| Място на издаване, разпространение и проч. | София |
| Име на издателя, разпространителя и проч. | Профиздат |
| Година на издаване | 1976 |
| 300 ## - Физическа характеристика | |
| Страници | 35 с. |
| Илюстрации и др. | с ил. |
| Размери/Мащаб | 19 см |
| 380 ## - Жанр | |
| Жанр | Техника |
| 490 ## - СЕРИИ (Колекции) | |
| Име на серия | Библиотека Охрана на труда |
| №: серия | 1 |
| 9 (RLIN) | 205342 |
| 650 #4 - Допълнително описание по предмет – тема | |
| Основно описание – тема или топоним | Осветление |
| 9 (RLIN) | 165261 |
| 653 ## - Ключова дума – ненормативна | |
| Ключова дума | осветление |
| 653 ## - Ключова дума – ненормативна | |
| Ключова дума | работни места |
| 852 ## - Местоположение | |
| Форматна сигнатура | Цб 79782 |
| Фондова буква | Хранилище |
| 856 4# - Електронен адрес и достъп | |
| Електронен формат | pdf - файл |
| Инструкция (цена за достъп) | 0.00 |
| Права за достъп | disable |
| 856 4# - Електронен адрес и достъп | |
| Електронен формат | pdf - файл |
| Инструкция (цена за достъп) | 0.00 |
| Права за достъп | disable |
| 999 ## - СИСТЕМНИ КОНТРОЛНИ НОМЕРА | |
| Koha biblionumber | 128738 |
| Koha biblioitemnumber | 128738 |
| 942 ## - АРТИКУЛИ | |
| Вид на библиотечния материал | Книги |
| Скрит в OPAC | Не |
| Периодичен библиозапис | Да |
| 944 ## - СЪЗДАВАНЕ И РЕДАКЦИЯ на ЗАПИСА | |
| Създаване/Редакция | Създаване |
| Дата на регистрацията/редакция | 02.10.2012 |
| Статус, дата на статуса | 02.10.2012 - от С1,Р / 02.10.2012 |
| Служител, извършил регистрацията/редакцията | Диана_Димитрова |
| 944 ## - СЪЗДАВАНЕ И РЕДАКЦИЯ на ЗАПИСА | |
| Създаване/Редакция | Редакция |
| Дата на регистрацията/редакция | 02.10.2012 |
| Статус, дата на статуса | 02.10.2012 - от С1,Р / 02.10.2012 |
| Код за отписване | Код за изгубен артикул | Източник на класификационната схема | Код за повреда | Коз за рестрикции | Код за отдаване | Артикулен № | Име на библиотеката - собственик | Име на библиотеката, в която се намира в момента | Статус (Текущо местоположение) | Дата на вписване в системата | Местоположение - отдел | Цена в лева | Инвентарен номер | Систематично азбучна сигнатура | Баркод | Номер на екземпляра | Цена в евро | Служебна бележка | Служебен тип на артикула |
|---|---|---|---|---|---|---|---|---|---|---|---|---|---|---|---|---|---|---|---|
| Не е изгубен | Universal Decimal Classification | Не е повреден | само за читалня | ползва се в читалня | 209162 | Регионална библиотека "Любен Каравелов" Русе | Регионална библиотека "Любен Каравелов" Русе | Хранилище | 1976-01-01 | Хранилище | 0.15 | 201217 | Цб 79782 | 120000201217 | 1 | 0.08 | Дост: Dp Вид: Д N: стар фонд Дата: 01.01.1976 | Книги |